1993-94 Premier League Final Table - Statistics

General Stats
  • This quiz has been taken 15 times
  • The average score is 13 of 22
Answer Stats
Position Team Won Drew Lost GF/GA GD Points % Correct
1 Manchester United 27 11 4 80/38 42 92
100%
4 Arsenal 18 17 7 53/28 25 71
88%
3 Newcastle United 23 8 11 82/41 41 77
88%
2 Blackburn Rovers 25 9 8 63/36 27 84
75%
5 Leeds United 18 16 8 65/39 26 70
75%
8 Liverpool 17 9 16 59/55 4 60
75%
10 Aston Villa 15 12 15 46/50 -4 57
63%
18 Southampton 12 7 23 49/66 -17 43
63%
15 Tottenham Hotspur 11 12 19 54/59 -5 45
63%
14 Chelsea 13 12 17 49/53 -4 51
50%
11 Coventry 14 14 14 43/45 -2 56
50%
17 Everton 12 8 22 42/63 -21 44
50%
19 Ipswich Town 9 16 17 35/58 -23 43
50%
16 Manchester City 9 18 15 38/49 -11 45
50%
12 Norwich City 12 17 13 65/61 4 53
50%
21 Oldham Athletic 9 13 20 42/68 -26 40
50%
7 Sheffield Wednesday 16 16 10 76/54 22 64
50%
13 West Ham United 13 13 16 47/58 -11 52
50%
6 Wimbledon 18 11 13 56/53 3 65
50%
9 Queens Park Rangers 16 12 14 62/61 1 60
38%
20 Sheffield United 8 18 16 42/60 -18 42
38%
22 Swindon Town 5 15 22 47/100 -53 30
38%
No matching quizzes found
Score Distribution
Percent of People with Each Score
Percentile by Number Answered
Your Score History
You have not taken this quiz